Central Library OPAC University of Rajshahi

Geology of petroleum / (Record no. 70580)

MARC details
000 -LEADER
fixed length control field 00914nam a2200265 a 4500
001 - CONTROL NUMBER
control field 70580
003 - CONTROL NUMBER IDENTIFIER
rucl marc code BD-RjUL
005 - DATE AND TIME OF LATEST TRANSACTION
control field 20211209082022.0
008 - FIXED-LENGTH DATA ELEMENTS--GENERAL INFORMATION
fixed length control field 1704 r1972 caua 001 0 eng
035 ## - SYSTEM CONTROL NUMBER
System control number (BD-RjUL)70794
040 ## - CATALOGING SOURCE
Original cataloging agency DLC
Transcribing agency DLC
Modifying agency BD-RjUL
Language of cataloging eng
041 ## - LANGUAGE CODE
Language code of text/sound track or separate title eng
082 00 - DEWEY DECIMAL CLASSIFICATION NUMBER
Classification number 553.28
Edition number 23
Author mark and year LEG 1972
100 1# - MAIN ENTRY--PERSONAL NAME
Personal name Levorsen, A. I.
Fuller form of name (Arville Irving),
Dates associated with a name 1894-1965.
9 (RLIN) 208910
245 10 - TITLE STATEMENT
Title Geology of petroleum /
Statement of responsibility, etc. by A. I. Levorsen. Sections on hydrodynamics and capillary pressure rev. and edited by Frederick A. F. Berry.
250 ## - EDITION STATEMENT
Edition statement 2nd ed.
260 ## - PUBLICATION, DISTRIBUTION, ETC. (IMPRINT)
Place of publication, distribution, etc. San Francisco :
Name of publisher, distributor, etc. W. H. Freeman,
Date of publication, distribution, etc. c1967 [reprinted 1972]
300 ## - PHYSICAL DESCRIPTION
Pagination x, 724 p. :
Illustrations ill. ;
Size 25 cm.
490 0# - SERIES STATEMENT
Series statement A Series of books in geology
500 ## - GENERAL NOTE
General note Includes index
650 #0 - SUBJECT ADDED ENTRY--TOPICAL TERM
Topical term or geographic name as entry element Petroleum
General subdivision Geology.
9 (RLIN) 208911
700 1# - ADDED ENTRY--PERSONAL NAME
Personal name Berry, Frederick A. F.
Fuller form of name (Frederick Almet Fulghum)
942 ## - ADDED ENTRY ELEMENTS (KOHA)
Source of classification or shelving scheme Dewey Decimal Classification
Koha item type Books
Holdings
Lost status Source of classification or shelving scheme Damaged status Not for loan Collection code Permanent Location Current Location Shelving location Date acquired Source of acquisition Total Checkouts Full call number Date last seen Copy number Koha item type
  Dewey Decimal Classification   Not For Loan Non-fiction Central Library, University of Rajshahi Central Library, University of Rajshahi Reading Room 09/12/2021 U.S.I.S   553.28 LEG 1972 18/04/2017 C-1 Books